Caricamento...

Dying to meet you /

Dettagli Bibliografici
Autore principale: Gill, B. M.
Natura: Printed Book
Lingua:English
Pubblicazione: London : Hodder and Stoughton, 1988.
Soggetti:
LEADER 00462nam a2200145Ia 4500
008 150623b xxu||||| |||| 00| 1 eng d
082 |a 823.G1 
100 |a Gill, B. M. 
245 |a Dying to meet you /  |c B. M. Gill 
260 |a London :  |b Hodder and Stoughton,  |c 1988. 
300 |a 133 p. 
650 |v Fiction 
942 |c BK 
999 |c 39966  |d 39966 
952 |0 0  |1 0  |4 0  |6 823_000000000000000_G1_DYI  |7 0  |9 39963  |a UL  |b UL  |c ST2  |d 1998-09-24  |o 823.G1 DYI  |p 57971  |r 2012-10-27  |w 2012-10-27  |y BK